000
00275nam a2200109Ia 4500
001
588881
005
20250717120839.0
008
250717s9999 xx 000 0 und d
245
0
_a
Y-7 SELAHADDİN EYYUBİ
_c
ABDULKADİR TURAN
260
_b
ERDEM YAYINLARI
_c
2018
300
_b
150
999
_c
588881
_d
588881